| 000 | 00846nam a2200289 a 4500 | ||
|---|---|---|---|
| 001 | 18226 | ||
| 003 | BD-RjUL | ||
| 005 | 20211209000244.0 | ||
| 008 | 140220r19791972enk b 001 0 eng d | ||
| 020 | _a0333088964 | ||
| 020 | _a0333026152 | ||
| 035 | _a(BD-RjUL)18284 | ||
| 040 |
_aLC _beng _cLC _dLC _dBD-RjUL |
||
| 041 | _aeng | ||
| 082 | 0 | 4 |
_a822.3 _bJON 1979 |
| 245 | 1 | 0 |
_aJonson Volpone : _ba casebook / _cedited by Jonas A. Barish. |
| 260 |
_aLondon : _bMacmillan, _c1972 [reprinted 1979]. |
||
| 300 |
_a255 p. ; _c20 cm. |
||
| 490 | 0 | _aCasebook series | |
| 504 | _aBibliography: p. [241] and index. | ||
| 600 | 1 | 0 |
_aJonson, Ben, _d1573?-1637. _xHandbooks, manuals, etc. _956105 |
| 600 | 1 | 4 |
_aJonson, Ben, _d1573?-1637. _956106 |
| 700 | 1 |
_aBarish, Jonas A, _956103 |
|
| 942 |
_2ddc _cBK |
||
| 999 |
_c18226 _d18226 |
||